Kreativní ekonomika trendy, výzvy, příležitosti
Uložené v:
| Hlavný autor: | |
|---|---|
| Médium: | Kniha |
| Jazyk: | Czech |
| Vydavateľské údaje: |
Praha
Grada Publishing
2010
|
| Edícia: | Expert
|
| Predmet: | |
| Tagy: |
Žiadne tagy, Buďte prvý, kto otaguje tento záznam!
|
MARC
| LEADER | 00000nam a2200000 4500 | ||
|---|---|---|---|
| 001 | 0121760 | ||
| 005 | 20240315114524.6 | ||
| 020 | |a 978-80-247-3608-2 | ||
| 041 | 0 | |a cze | |
| 044 | |a CZ | ||
| 245 | 1 | 0 | |a Kreativní ekonomika |b trendy, výzvy, příležitosti |c Jitka Kloudová a kolektiv |
| 264 | 1 | |a Praha |b Grada Publishing |c 2010 | |
| 300 | |a 218 s. | ||
| 490 | 1 | |a Expert | |
| 830 | 0 | |a Expert | |
| 610 | 2 | 0 | |a firmy |
| 610 | 2 | 0 | |a konkurencieschopnosť |
| 610 | 2 | 0 | |a kreativita |
| 610 | 2 | 0 | |a ekonómia |
| 610 | 2 | 0 | |a výhody konkurenčné |
| 610 | 2 | 0 | |a stakeholder |
| 610 | 2 | 0 | |a správa verejná |
| 610 | 2 | 0 | |a manažéri |
| 610 | 2 | 0 | |a reklama |
| 610 | 2 | 0 | |a výskum |
| 610 | 2 | 0 | |a prognózy |
| 610 | 2 | 0 | |a Česko |
| 100 | 1 | |a Kloudová, Jitka | |